Julio Verne : (Registro nro. 10726)

Detalles MARC
000 -LIDER
fixed length control field 01013cam a2200349 i 4500
001 - NÚMERO DE CONTROL
Identificador de número de control 0000493
003 - IDENTIFICACDOR DE NÚMERO DE CONTROL
control field DO-SdBNP
005 - DATE AND TIME OF LATEST TRANSACTION
control field 20241014123544.0
007 - CAMPOS FIJOS DE DESCRIPCIÓN FÍSICA
fixed length control field 0000493
008 - ELEMENTOS DE LONGITUD FIJA
fixed length control field 100514s 1986 sp | 000 f spa
015 ## - NÚMERO DENTRO DE LA BIBLIOGRAFÍA NACIONAL
National bibliography number
017 ## - NÚMERO DE REGISTRO DE DERECHOS DE AUTOR
Copyright or legal deposit number
Assigning agency
020 ## - ISBN
International Standard Book Number 8476348606 (v. 1)
020 ## - ISBN
International Standard Book Number 8476348592 (obra completa)
035 ## - NÚMERO LOCAL
System control number
040 ## - FUENTE DE CATALOGACIÓN
Agencia que crea de manera original el registro BPMSU
Idioma de catalogación spa
Agencia que realiza la transcripción BPMSU
Convenciones de la despripción
080 ## - NÚMERO DE CLASIFICACIÓN DECIMAL UNIVERSAL
Universal Decimal Classification number
082 #4 - NÚMERO DE CLASIFICACIÓN DECIMAL DE DEWEY
Classification number 843.8
Item number V531ag
100 1# - ASIENTO PRINCIPAL -- NOMBRE PERSONAL
Nombre personal Verne, Julio,
Fechas asociadas con el nombre 1828-1905
245 10 - MENCIÓN DE TITULO
Título Julio Verne :
Subtítulo Agencia Thomson y Cía/
Mención de responsabilidad Julio Verne ; traducción María Carmen Nicolau
Medio (Designación general de material)
260 ## - PUBLICACIÓN, DISTRIBUCIÓN, ETC. (PIE DE IMPRENTA)
Lugar de publicación, distribución, etc Barcelona:
Nombre del editor, distribuidor, etc. Ediciones Orbis,
Fecha de publicación, distribución, etc 1986.
300 ## - DESCRIPCIÓN FÍSICA
Extensión 2 v. :
Otros detalles físicos il.
Dimensiones 20 cm
490 1# - MENCIÓN DE SERIES
Mención de serie Julio Verne
Volume/sequential designation 12/13
500 ## - NOTA GENERAL
Nota general
534 ## - NOTA SOBRE LA VERSIÓN ORIGINAL
Frase introductoria Título original :
Mención del título original L´Agence Thompson and Co.
590 ## - NOTA LOCAL
Texto de la nota local Inventariado, 2024/VM
650 #4 - ENCABEZAMIENTO DE MATERIA--TEMÁTICO
Término temático o nombre geográfico como elemento de entrada Novela juvenil francesa
650 #4 - ENCABEZAMIENTO DE MATERIA--TEMÁTICO
Término temático o nombre geográfico como elemento de entrada Literatura juvenil francesa
700 1# - ASIENTO SECUNDARIO -- NOMBRE PERSONAL
Nombre personal Nicolau, María Carmen,
Mención de responsabilidad traductor
910 ## - VALIDACIÓN
Validación VMateo V. Control de calidad. BPMSU
942 ## - ADDED ENTRY ELEMENTS (KOHA)
Source of classification or shelving scheme Dewey Decimal Classification
Koha item type Libros
Existencias
Withdrawn status Lost status Source of classification or shelving scheme Damaged status Not for loan Collection code Home library Current library Date acquired Source of acquisition Total Checkouts Full call number Barcode Date last seen Copy number Price effective from Koha item type
    Dewey Decimal Classification     Colección Juvenil General Biblioteca Pública Metropolitana Salomé Ureña Biblioteca Pública Metropolitana Salomé Ureña 07/06/2016 FUNDI   BPMSU CJG 843.8 V531ag1986 BPMSU16070156 07/06/2016 v.12 07/06/2016 Libros
    Dewey Decimal Classification     Colección Juvenil General Biblioteca Pública Metropolitana Salomé Ureña Biblioteca Pública Metropolitana Salomé Ureña 07/06/2016 FUNDI   843.8 V531ag v. 2 BPMSU16070157 07/06/2016   07/06/2016 Libros